[Event "4NCL Division 2b"]
[Site "De Vere, Sunningdale ENG"]
[Date "2012.11.04"]
[Round "2.66"]
[White "Collier, David O"]
[Black "O'Driscoll, Kieran"]
[Result "0-1"]
[WhiteElo "2098"]
[BlackElo "2113"]
[PlyCount "76"]
[EventDate "2012.11.04"]
[WhiteTeam "Bristol 1"]
[BlackTeam "White Rose 2"]

1. d4 d5 2. Nf3 Nf6 3. Bf4 e6 4. e3 Be7 5. h3 O-O 6. Nbd2 b6 7. Ne5 c5 8. c3
Bb7 9. Bd3 Nbd7 10. O-O Rc8 11. Rc1 a6 12. Qe2 b5 13. a3 Nb6 14. Rfd1 c4 15.
Bb1 a5 16. Ng4 Nxg4 17. hxg4 b4 18. axb4 axb4 19. Nf3 Bc6 20. Ne5 Ba4 21. Re1
bxc3 22. bxc3 Ba3 23. Rc2 Bxc2 24. Qxc2 g6 25. e4 dxe4 26. Rxe4 Nd5 27. Bd2 Bd6
28. g5 Bxe5 29. dxe5 Qa5 30. Re1 Rc7 31. Qc1 Rb8 32. Be4 Rcb7 33. Bxd5 Qxd5 34.
Be3 Qd3 35. Qd2 Rb1 36. Rxb1 Rxb1+ 37. Kh2 Qxd2 38. Bxd2 Rd1 0-1

[Event "4NCL Division 2b"]
[Site "De Vere, Sunningdale ENG"]
[Date "2012.11.04"]
[Round "2.67"]
[White "Lewyk, Ihor"]
[Black "Bennett, Dominic L"]
[Result "1-0"]
[WhiteElo "2079"]
[BlackElo "2009"]
[PlyCount "111"]
[EventDate "2012.11.04"]
[WhiteTeam "White Rose 2"]
[BlackTeam "Bristol 1"]

1. Nf3 b5 2. e3 a6 3. d4 f5 4. Bd3 g6 5. e4 fxe4 6. Bxe4 d5 7. Bd3 Bg7 8. c3
Nc6 9. Bf4 Nf6 10. O-O Nh5 11. Bg5 O-O 12. Nbd2 Qd6 13. a4 Rb8 14. axb5 axb5
15. Qb3 Kh8 16. Be3 Nf4 17. Bxf4 Rxf4 18. Rfe1 Rf8 19. Qc2 Bg4 20. h3 Bxf3 21.
Nxf3 e5 22. dxe5 Nxe5 23. Nxe5 Bxe5 24. Qe2 Rfe8 25. Kh1 b4 26. c4 dxc4 27.
Bxc4 Qf6 28. Rad1 Bd6 29. Qd2 Re5 30. Rxe5 Bxe5 31. b3 c5 32. Qe2 Rf8 33. Rf1
Rd8 34. Qf3 Qg7 35. g3 Rf8 36. Qe2 Qf6 37. f4 Bd4 38. Kh2 Qd8 39. Re1 Bc3 40.
Rd1 Qc8 41. Rd3 h5 42. Rd6 Bf6 43. Qc2 Kg7 44. Be6 Qb8 45. Rd7+ Kh6 46. Bf7
Rxf7 47. Rxf7 Qd8 48. g4 hxg4 49. hxg4 Bg7 50. Kg3 Kh7 51. Qb2 Qd4 52. Qxd4
cxd4 53. Kf3 Kg8 54. Rb7 Bf8 55. Ke4 Bc5 56. Rb5 {Black overstepped the time
limit} 1-0

[Event "4NCL Division 2b"]
[Site "De Vere, Sunningdale ENG"]
[Date "2012.11.04"]
[Round "2.71"]
[White "Longson, Alexander"]
[Black "Jones, Victor GL"]
[Result "1-0"]
[WhiteElo "2270"]
[BlackElo "2240"]
[PlyCount "113"]
[EventDate "2012.11.04"]
[WhiteTeam "3Cs 1"]
[BlackTeam "KJCA Kings"]

1. d4 e6 2. c4 Nf6 3. Nc3 Bb4 4. Qc2 O-O 5. a3 Bxc3+ 6. Qxc3 h6 7. g3 Re8 8.
Bg2 d6 9. e4 e5 10. d5 c6 11. Ne2 b5 12. cxb5 cxd5 13. exd5 Bb7 14. Qb3 e4 15.
Nc3 Re5 16. Bf4 Bxd5 17. Nxd5 Rxd5 18. O-O Qe8 19. Rfd1 Qxb5 20. Qxb5 Rxb5 21.
Rxd6 Nbd7 22. b4 Kf8 23. Rc1 Ke7 24. Rd4 g5 25. Bxe4 Nxe4 26. Rxe4+ Kf6 27. Be3
a5 28. Rc6+ Kf5 29. Re7 Ne5 30. Rc5 Rxc5 31. Bxc5 axb4 32. Bxb4 f6 33. Rc7 Nd3
34. Rc3 Ke4 35. Rc6 f5 36. Re6+ Kd4 37. Rxh6 Rb8 38. h3 Nxb4 39. axb4 Rxb4 40.
Rg6 Ke4 41. Rxg5 Ke5 42. g4 Rf4 43. Rxf5+ Rxf5 44. gxf5 Kxf5 45. Kg2 Kf4 46. f3
Kf5 47. Kg3 Kg5 48. f4+ Kh5 49. Kf3 Kg6 50. Kg4 Kf6 51. f5 Kf7 52. Kg5 Kg7 53.
f6+ Kf7 54. Kf5 Kf8 55. Kg6 Kg8 56. f7+ Kf8 57. h4 1-0

[Event "4NCL Division 2b"]
[Site "De Vere, Sunningdale ENG"]
[Date "2012.11.04"]
[Round "2.72"]
[White "Rayner, Francis"]
[Black "Bentley, John L"]
[Result "0-1"]
[WhiteElo "2166"]
[BlackElo "2212"]
[PlyCount "128"]
[EventDate "2012.11.04"]
[WhiteTeam "KJCA Kings"]
[BlackTeam "3Cs 1"]

1. c4 Nf6 2. Nf3 g6 3. b4 Bg7 4. Bb2 O-O 5. g3 a5 6. a3 axb4 7. axb4 Rxa1 8.
Bxa1 c6 9. Nc3 d5 10. cxd5 Nxd5 11. Nxd5 Qxd5 12. Bxg7 Kxg7 13. Bg2 Na6 14.
Qa1+ Kg8 15. O-O Nxb4 16. Rb1 Na6 17. d4 Qd6 18. Ne5 Nb8 19. Nc4 Qc7 20. Qa7
Na6 21. Rb6 Qd7 22. e3 Qf5 23. e4 Qg5 24. Rb1 Nc7 25. Nb6 Nb5 26. Qa5 e5 27. h4
Qe7 28. Nxc8 Rxc8 29. d5 Nd4 30. Qa7 Nb5 31. Qa5 Qc7 32. Qb4 Nd6 33. dxc6 bxc6
34. Qc5 Nb5 35. Bh3 Rb8 36. Bf1 Nd4 37. Rxb8+ Qxb8 38. Kg2 Qc7 39. Bc4 Kg7 40.
Ba2 Nb5 41. Bc4 Qd6 42. Qb6 Nd4 43. Qa7 Qf6 44. Qa3 h6 45. Qe3 g5 46. hxg5 hxg5
47. Be2 Kg6 48. Bg4 Qd6 49. Qc1 c5 50. Qc4 Kf6 51. Bh5 Ne6 52. Qa4 Qd4 53. Qa8
Nd8 54. Be2 Kg7 55. f3 Ne6 56. Qa2 g4 57. Qd5 Qxd5 58. exd5 Nd4 59. d6 Kf8 60.
Bc4 gxf3+ 61. Kf2 f5 62. g4 fxg4 63. Kg3 Ke8 64. Kxg4 Kd7 0-1

[Event "4NCL Division 2b"]
[Site "De Vere, Sunningdale ENG"]
[Date "2012.11.04"]
[Round "2.73"]
[White "McKenna, Jason P"]
[Black "Green, Andrew D"]
[Result "0-1"]
[WhiteElo "2102"]
[BlackElo "2152"]
[PlyCount "100"]
[EventDate "2012.11.04"]
[WhiteTeam "3Cs 1"]
[BlackTeam "KJCA Kings"]

1. e4 c5 2. Nf3 d6 3. d4 cxd4 4. Nxd4 Nf6 5. Nc3 g6 6. Be3 Bg7 7. f3 Nc6 8. Qd2
O-O 9. Bc4 Bd7 10. O-O-O Rc8 11. Bb3 Nxd4 12. Bxd4 b5 13. Nd5 Nxd5 14. Bxg7
Kxg7 15. Bxd5 a5 16. a3 Qb6 17. h4 b4 18. axb4 axb4 19. h5 Qa5 20. Qd4+ e5 21.
Qe3 Qa1+ 22. Kd2 Qxb2 23. Bb3 Rc3 24. Rb1 Rxe3 25. Rxb2 Rc3 26. hxg6 hxg6 27.
Bd5 Rfc8 28. Ra1 R8c7 29. Ra6 Bb5 30. Rxd6 Bf1 31. Rb6 Bxg2 32. R6xb4 Rxf3 33.
Rb7 Rfc3 34. Rxc7 Rxc7 35. c4 f5 36. Ke3 Bf1 37. exf5 gxf5 38. Rf2 Bh3 39. Rh2
Bg4 40. Rb2 Bh5 41. Rb5 Bg6 42. c5 Kf8 43. c6 Ke7 44. Rb8 Be8 45. Rb7 Kd6 46.
Rxc7 Kxc7 47. Be6 Bg6 48. Bd7 Kd6 49. Kf3 f4 50. Kg4 Be4 0-1

[Event "4NCL Division 2b"]
[Site "De Vere, Sunningdale ENG"]
[Date "2012.11.04"]
[Round "2.74"]
[White "Jones, William EG"]
[Black "Walton, Alan J"]
[Result "0-1"]
[WhiteElo "2094"]
[BlackElo "2171"]
[PlyCount "108"]
[EventDate "2012.11.04"]
[WhiteTeam "KJCA Kings"]
[BlackTeam "3Cs 1"]

1. e4 e6 2. d4 d5 3. Nc3 Nf6 4. e5 Nfd7 5. f4 c5 6. Nf3 Nc6 7. Be3 Be7 8. dxc5
O-O 9. Qd2 f6 10. exf6 Bxf6 11. Nb5 Qe7 12. Nd6 b6 13. Nxc8 Raxc8 14. Ba6 Nxc5
15. Bxc8 Bxb2 16. O-O Ne4 17. Qd3 Bxa1 18. Bxe6+ Qxe6 19. Rxa1 Ne7 20. a4 Rc8
21. Bd4 Nc6 22. Bc3 Nxc3 23. Qxc3 Ne7 24. Qd3 Rc4 25. Re1 Re4 26. Rxe4 Qxe4 27.
Qxe4 dxe4 28. Nd4 Nd5 29. g3 a6 30. Nb3 a5 31. c4 Nc3 32. c5 bxc5 33. Nxc5 Kf7
34. Nb3 Nxa4 35. Nxa5 Ke6 36. Nc4 Kd5 37. Ne5 e3 38. Kf1 Ke4 39. Ke2 Nc3+ 40.
Ke1 g5 41. Nf7 gxf4 42. Ng5+ Kf5 43. gxf4 h6 44. Nh3 Kg4 45. Ng1 Kxf4 46. Kf1
Ke4 47. Ke1 Nb5 48. h4 Nd4 49. h5 Kd3 50. Kf1 Kd2 51. Kg2 e2 52. Nxe2 Kxe2 53.
Kg3 Ke3 54. Kg4 Ke4 0-1

[Event "4NCL Division 2b"]
[Site "De Vere, Sunningdale ENG"]
[Date "2012.11.04"]
[Round "2.75"]
[White "Jaunooby, Ali Reza"]
[Black "Lunn, Matthew"]
[Result "1-0"]
[WhiteElo "2178"]
[BlackElo "2004"]
[PlyCount "109"]
[EventDate "2012.11.04"]
[WhiteTeam "3Cs 1"]
[BlackTeam "KJCA Kings"]

1. d4 Nf6 2. Nf3 g6 3. c4 Bg7 4. Nc3 O-O 5. h3 d5 6. Bg5 Ne4 7. Bh4 Nxc3 8.
bxc3 dxc4 9. e3 c5 10. Bxc4 Nc6 11. O-O Bf5 12. Qe2 Na5 13. e4 Bd7 14. Bd3 Rc8
15. Rac1 Ba4 16. d5 c4 17. Bc2 Bb5 18. Qe3 Re8 19. Nd4 Bxd4 20. Qxd4 b6 21. Rb1
e5 22. dxe6 Qxd4 23. cxd4 Ba6 24. e7 Rc7 25. d5 Rcxe7 26. Bxe7 Rxe7 27. Rfd1
Rd7 28. Ba4 Rd8 29. e5 Nb7 30. Bc6 Nc5 31. Rd4 Nd3 32. f4 c3 33. Ba4 Nc5 34.
Bc2 Kf8 35. Re1 Ne6 36. Ra4 Nc5 37. e6 fxe6 38. dxe6 Ke7 39. Ra3 Rd2 40. Rxc3
Bb7 41. g4 Rg2+ 42. Kf1 Rh2 43. f5 gxf5 44. gxf5 Bc6 45. Ree3 Rh1+ 46. Kf2 Rh2+
47. Kg3 Rg2+ 48. Kh4 Kf6 49. Rg3 Rd2 50. Rg8 Rd4+ 51. Kh5 Rf4 52. Rf8+ Kg7 53.
Rf7+ Kg8 54. Rg3+ Kh8 55. Rf8# 1-0

[Event "4NCL Division 2b"]
[Site "De Vere, Sunningdale ENG"]
[Date "2012.11.04"]
[Round "2.76"]
[White "Maguire, Robert"]
[Black "Whitehead, David J"]
[Result "1/2-1/2"]
[WhiteElo "1956"]
[BlackElo "2035"]
[PlyCount "204"]
[EventDate "2012.11.04"]
[WhiteTeam "KJCA Kings"]
[BlackTeam "3Cs 1"]

1. e4 c5 2. Nf3 Nc6 3. d4 cxd4 4. Nxd4 Nf6 5. Nc3 e5 6. Ndb5 d6 7. Bg5 a6 8.
Na3 b5 9. Nd5 Be7 10. Bxf6 Bxf6 11. c3 Bg5 12. Nc2 O-O 13. a4 bxa4 14. Rxa4 a5
15. Bc4 Rb8 16. Ra2 Kh8 17. Nce3 Be6 18. b3 Bh6 19. h4 f5 20. Nxf5 Bxf5 21.
exf5 Ne7 22. g4 Nxd5 23. Qxd5 Bf4 24. Rxa5 e4 25. Ra2 Qf6 26. Rc2 e3 27. f3 Be5
28. Ke2 Rbc8 29. Qe6 Qd8 30. Qd5 Rc5 31. Qe4 Re8 32. Be6 Bxc3 33. Qa4 d5 34.
Rd1 d4 35. Bc4 Ra5 36. Qc6 Qb8 37. f6 Qh2+ 38. Kd3 Qe5 39. fxg7+ Kxg7 40. Qe4
Qxe4+ 41. fxe4 Rf8 42. Rxc3 dxc3 43. Kxe3 Ra2 44. Rc1 Rg2 45. Rxc3 Rxg4 46. Be6
Rxh4 47. b4 Kf6 48. Bf5 Rb8 49. Rc4 Ke5 50. Rc6 Rxe4+ 51. Bxe4 Rxb4 52. Bxh7
Rb3+ 53. Bd3 Ra3 54. Rc5+ Kd6 55. Rh5 Ke6 56. Kd4 Ra4+ 57. Bc4+ Kf6 58. Rc5 Ra1
59. Ke4 Re1+ 60. Kf4 Rc1 61. Rc6+ Ke7 62. Ke5 Re1+ 63. Kd5 Rd1+ 64. Kc5 Re1 65.
Rc7+ Kf6 66. Rf7+ Kg6 67. Rf2 Rd1 68. Bd5 Kg5 69. Kd6 Re1 70. Bc6 Re3 71. Kd5
Re1 72. Kd4 Re7 73. Be4 Ra7 74. Rf5+ Kg4 75. Rf6 Kg5 76. Rf1 Re7 77. Rf5+ Kg4
78. Ke3 Ra7 79. Rf6 Ra3+ 80. Bd3 Ra5 81. Rg6+ Rg5 82. Be2+ Kf5 83. Bd3+ Kg4 84.
Rh6 Re5+ 85. Be4 Ra5 86. Bf3+ Kg3 87. Rg6+ Kh4 88. Kf4 Ra4+ 89. Be4 Kh5 90. Rg7
Ra6 91. Rg1 Kh6 92. Rh1+ Kg7 93. Rh7+ Kg8 94. Rc7 Ra5 95. Bf5 Kf8 96. Kg5 Ra6
97. Be4 Rd6 98. Kf5 Ke8 99. Rh7 Rb6 100. Ke5 Kf8 101. Bd5 Ra6 102. Be6 Ra5+
1/2-1/2

[Event "4NCL Division 2b"]
[Site "De Vere, Sunningdale ENG"]
[Date "2012.11.04"]
[Round "2.77"]
[White "Horton, Andrew P"]
[Black "Bayliss, Lyall CP"]
[Result "0-1"]
[WhiteElo "1968"]
[BlackElo "1944"]
[PlyCount "114"]
[EventDate "2012.11.04"]
[WhiteTeam "3Cs 1"]
[BlackTeam "KJCA Kings"]

1. e4 e5 2. Nf3 Nc6 3. Bc4 Bc5 4. c3 d6 5. O-O Bg4 6. d3 Nge7 7. Bxf7+ Kf8 8.
h3 h6 9. hxg4 Kxf7 10. d4 Bb6 11. g5 Ng6 12. Qb3+ Ke7 13. Rd1 Qd7 14. Be3 Raf8
15. Nbd2 Qg4 16. Nf1 Nf4 17. Bxf4 Qxf4 18. Ng3 hxg5 19. Nf5+ Rxf5 20. exf5 g4
21. Qe6+ Kd8 22. Nh4 exd4 23. g3 Qe5 24. cxd4 Bxd4 25. Qxe5 dxe5 26. Ng6 Re8
27. Kg2 Kc8 28. Rd2 Na5 29. Re1 c5 30. Re4 Nc4 31. Rc2 Nd6 32. Ree2 b6 33. Nh4
Rf8 34. Ng6 Re8 35. Nh4 Kd7 36. f3 gxf3+ 37. Kxf3 e4+ 38. Kg4 Nf7 39. Ng6 Ne5+
40. Nxe5+ Rxe5 41. Kf4 e3 42. g4 Kd6 43. Kf3 b5 44. Rh2 Re8 45. b3 Kd5 46. Rh5
Rf8 47. Rg5 a5 48. Rg6 Rh8 49. Rb6 Rh3+ 50. Kg2 Rh4 51. Rxb5 Ke4 52. Rb6 Rxg4+
53. Kh3 Rg5 54. Rc1 e2 55. Re6+ Kf3 56. Kh4 Rxf5 57. b4 Bf2+ 0-1

[Event "4NCL Division 2b"]
[Site "De Vere, Sunningdale ENG"]
[Date "2012.11.04"]
[Round "2.78"]
[White "Giles, Yasmin"]
[Black "Horton, Jamie A"]
[Result "0-1"]
[WhiteElo "1803"]
[BlackElo "2009"]
[PlyCount "72"]
[EventDate "2012.11.04"]
[WhiteTeam "KJCA Kings"]
[BlackTeam "3Cs 1"]

1. e4 c5 2. Nc3 g6 3. d4 cxd4 4. Qxd4 Nf6 5. Qd1 Nc6 6. Nf3 d6 7. Bc4 Bg7 8.
O-O O-O 9. Be3 a6 10. a4 Bd7 11. h3 Rc8 12. Qd2 Na5 13. Bd3 Re8 14. Nd4 Nc4 15.
Bxc4 Rxc4 16. Qd3 Rc8 17. f4 Qa5 18. f5 Bc6 19. Nxc6 Rxc6 20. fxg6 hxg6 21. Nd5
Nd7 22. c3 Ne5 23. Qe2 Qd8 24. Qf2 Rc4 25. Bd4 Rf8 26. Qe2 Rc6 27. b4 Nd7 28.
Bxg7 Kxg7 29. c4 Ne5 30. Rac1 Qd7 31. b5 Rc5 32. Rfd1 Qe6 33. bxa6 bxa6 34. Qb2
Rfc8 35. Qb6 R5c6 36. Qb2 Kg8 {White overstepped the time limit} 0-1

[Event "4NCL Division 2b"]
[Site "De Vere, Sunningdale ENG"]
[Date "2012.11.04"]
[Round "2.81"]
[White "Shriwas, Pratik"]
[Black "Sanders, Isaac B"]
[Result "1/2-1/2"]
[WhiteElo "2210"]
[BlackElo "2132"]
[PlyCount "120"]
[EventDate "2012.11.04"]
[WhiteTeam "North East England"]
[BlackTeam "Barbican Youth"]

1. e4 e5 2. Nf3 Nc6 3. Bb5 a6 4. Bxc6 dxc6 5. h3 Bd6 6. d4 exd4 7. Qxd4 f6 8.
Nbd2 Be6 9. Nc4 Bb4+ 10. Bd2 Qxd4 11. Nxd4 Bxc4 12. Bxb4 a5 13. Bc3 Ne7 14. f4
O-O-O 15. Kf2 b6 16. Nf3 Rhe8 17. Rhe1 Ng6 18. g3 Nf8 19. Re3 Rd7 20. a3 Rde7
21. Rae1 Nd7 22. Bd4 c5 23. Bc3 Nb8 24. b3 Bb5 25. e5 fxe5 26. Rxe5 Rxe5 27.
Bxe5 g6 28. Ng5 Bd7 29. Nxh7 Bxh3 30. Nf6 Rf8 31. g4 Rxf6 32. Bxf6 Bxg4 33.
Re8+ Kb7 34. Ke3 Bf5 35. Kd2 Nd7 36. Be5 Kc6 37. Re7 Kb7 38. Rg7 Kc6 39. c3 Kb7
40. Ke3 Kc6 41. Kf3 Bc2 42. Kg3 Nxe5 43. fxe5 Bxb3 44. Rxg6+ Kb5 45. Rg4 Be6
46. Rh4 c4 47. Rh6 Bd5 48. e6 Bxe6 49. Rxe6 Ka4 50. Rc6 Kxa3 51. Rxc7 Kb3 52.
Rc6 b5 53. Rc5 a4 54. Rxb5+ Kxc3 55. Ra5 a3 56. Rxa3+ Kb2 57. Ra8 c3 58. Rb8+
Ka2 59. Ra8+ Kb2 60. Rb8+ Ka2 1/2-1/2

[Event "4NCL Division 2b"]
[Site "De Vere, Sunningdale ENG"]
[Date "2012.11.04"]
[Round "2.82"]
[White "O'Toole, George E"]
[Black "Coathup, Roger H"]
[Result "1-0"]
[WhiteElo "2204"]
[BlackElo "2123"]
[PlyCount "51"]
[EventDate "2012.11.04"]
[WhiteTeam "Barbican Youth"]
[BlackTeam "North East England"]

1. e4 c5 2. c3 Nf6 3. e5 Nd5 4. d4 cxd4 5. Nf3 Nc6 6. cxd4 d6 7. Bc4 e6 8. O-O
Be7 9. Qe2 O-O 10. Nc3 Nxc3 11. bxc3 dxe5 12. dxe5 b6 13. Qe4 Bb7 14. Bd3 g6
15. Bh6 Re8 16. Rad1 Qc7 17. Qf4 Bf8 18. Rfe1 Na5 19. Bxf8 Rxf8 20. Ng5 h6 21.
Nh3 Kh7 22. Re3 Rad8 23. Ng5+ Kg8 24. Rh3 h5 25. Rxh5 gxh5 26. Bh7+ 1-0

[Event "4NCL Division 2b"]
[Site "De Vere, Sunningdale ENG"]
[Date "2012.11.04"]
[Round "2.83"]
[White "Dargan, Paul AG"]
[Black "Coleman, David J"]
[Result "1-0"]
[WhiteElo "2145"]
[BlackElo "2268"]
[PlyCount "65"]
[EventDate "2012.11.04"]
[WhiteTeam "North East England"]
[BlackTeam "Barbican Youth"]

1. e4 c5 2. c3 g6 3. d4 cxd4 4. cxd4 d5 5. Nc3 dxe4 6. Bc4 Bg7 7. Qb3 e6 8. d5
exd5 9. Bxd5 Qe7 10. Nxe4 Nf6 11. Bg5 Nbd7 12. Ne2 O-O 13. O-O Nb6 14. Nxf6+
Bxf6 15. Bxf6 Qxf6 16. Nc3 Rb8 17. Rfe1 Bd7 18. Qa3 a6 19. Qb4 Nxd5 20. Nxd5
Qg7 21. Qe7 Bc6 22. Nf6+ Kh8 23. Rad1 h5 24. h4 Qh6 25. g3 Bf3 26. Rd3 Bc6 27.
f4 Qg7 28. Re5 Qh6 29. Rd6 Bf3 30. Nd7 Rbe8 31. Qxe8 Rxe8 32. Rxe8+ Kg7 33. Nf6
1-0

[Event "4NCL Division 2b"]
[Site "De Vere, Sunningdale ENG"]
[Date "2012.11.04"]
[Round "2.84"]
[White "Berry, Neil"]
[Black "Maroroa, Sue Y"]
[Result "1/2-1/2"]
[WhiteElo "2247"]
[BlackElo "2055"]
[PlyCount "131"]
[EventDate "2012.11.04"]
[WhiteTeam "Barbican Youth"]
[BlackTeam "North East England"]

1. d4 Nf6 2. c4 e6 3. g3 Bb4+ 4. Bd2 Qe7 5. Nf3 Bxd2+ 6. Qxd2 Ne4 7. Qc2 f5 8.
Bg2 O-O 9. O-O d6 10. Ne1 Nf6 11. Nc3 Qf7 12. Nd3 g5 13. e3 Nbd7 14. Nb5 Ne8
15. c5 a6 16. Nc3 h5 17. cxd6 cxd6 18. f4 h4 19. fxg5 hxg3 20. hxg3 Ng7 21. Nf4
Re8 22. Ncd5 Rb8 23. Qc7 e5 24. Qxd6 exf4 25. Nxf4 Re4 26. Bxe4 fxe4 27. Ng6
Qe6 28. Ne7+ Kh8 29. Ng6+ Kg8 30. Rf8+ Nxf8 31. Qxf8+ Kh7 32. Nf4 Qg4 33. g6+
Kh6 34. Qh8+ Kg5 35. Qd8+ Kh6 36. Qh8+ Kg5 37. Qxg7 Qxg3+ 38. Ng2 Bh3 39. Qe5+
Qxe5 40. dxe5 Bxg2 41. Kxg2 Kxg6 42. Rf1 Re8 43. Rf6+ Kg5 44. Rb6 Re7 45. e6
Kf5 46. Kf2 Ke5 47. a4 a5 48. Kg3 Kf5 49. Rb5+ Kxe6 50. Kf4 Rh7 51. Rxa5 Rh4+
52. Kg3 Rh7 53. Rb5 Rf7 54. Kg4 Rf3 55. Rxb7 Rxe3 56. Kf4 Re1 57. Rb5 Kd6 58.
b4 e3 59. a5 Kc6 60. Rb6+ Kd5 61. a6 Kd4 62. Kf3 Kd3 63. Rd6+ Kc4 64. a7 Ra1
65. Kxe3 Kxb4 66. Kd4 1/2-1/2

[Event "4NCL Division 2b"]
[Site "De Vere, Sunningdale ENG"]
[Date "2012.11.04"]
[Round "2.85"]
[White "Prasath, Malola TS"]
[Black "Sands, David A"]
[Result "1/2-1/2"]
[WhiteElo "2076"]
[BlackElo "2235"]
[PlyCount "62"]
[EventDate "2012.11.04"]
[WhiteTeam "North East England"]
[BlackTeam "Barbican Youth"]

1. e4 c5 2. Nf3 Nc6 3. d4 cxd4 4. Nxd4 Nf6 5. Nc3 d6 6. Be2 e6 7. Be3 Be7 8. f4
a6 9. Bf3 Qc7 10. Nb3 O-O 11. a4 b6 12. O-O Re8 13. g4 Nd7 14. g5 Rb8 15. Bh5
g6 16. Bg4 Bf8 17. Rf3 Bg7 18. Rh3 Bb7 19. Qe1 Nb4 20. Qf2 f5 21. gxf6 Bxf6 22.
Nd4 Nf8 23. f5 exf5 24. exf5 Qe7 25. Rd1 Nd5 26. Nxd5 Bxd5 27. c4 Ba8 28. fxg6
hxg6 29. Rf1 Qe4 30. Rh8+ Kxh8 31. Qxf6+ Kg8 1/2-1/2

[Event "4NCL Division 2b"]
[Site "De Vere, Sunningdale ENG"]
[Date "2012.11.04"]
[Round "2.86"]
[White "Moss, Guy"]
[Black "Plater, Ron"]
[Result "1/2-1/2"]
[WhiteElo "1927"]
[BlackElo "1934"]
[PlyCount "121"]
[EventDate "2012.11.04"]
[WhiteTeam "Barbican Youth"]
[BlackTeam "North East England"]

1. e4 e6 2. d4 d5 3. e5 Qd7 4. Nf3 b6 5. Bd3 Bb7 6. O-O Nc6 7. Bd2 Nge7 8. c3
Ng6 9. Qc2 Be7 10. Ne1 Nh4 11. f4 f5 12. g3 Ng6 13. Nf3 Nf8 14. Be3 O-O-O 15.
Nbd2 Kb8 16. b4 h6 17. a4 g5 18. a5 gxf4 19. Bxf4 Ng6 20. axb6 cxb6 21. Be3
Rdf8 22. Nb3 Rhg8 23. b5 Nd8 24. Nc5 Qc7 25. Nxb7 Nxb7 26. Bxh6 Rc8 27. Bd2 Na5
28. Ra4 Nh4 29. Nxh4 Bxh4 30. Bf4 Qxc3 31. Rc1 Qxc2 32. Rxc2 Rxc2 33. Bxc2 Be7
34. Kf2 Rc8 35. Bd3 Rc3 36. Be2 Nb7 37. Ra1 Nd8 38. h4 Nf7 39. Rc1 Rxc1 40.
Bxc1 Kc7 41. Bh5 Nd8 42. Bg6 Bf8 43. h5 a5 44. Ke2 a4 45. Kd1 a3 46. Kc2 a2 47.
Bb2 Nb7 48. Kb3 a1=Q 49. Bxa1 Na5+ 50. Kc2 Nc4 51. Kd3 Bh6 52. Bc3 Kd7 53. Bb4
Bg7 54. Ke2 Bh6 55. Kf3 Nd2+ 56. Ke2 Nc4 57. Kd3 Bg7 58. Be1 Bh6 59. Ke2 Be3
60. Bf2 Bg5 61. Be1 1/2-1/2

[Event "4NCL Division 2a"]
[Site "De Vere, Staverton Park ENG"]
[Date "2013.01.12"]
[Round "3.11"]
[White "Ivell, Nicholas W"]
[Black "Zakarian, David"]
[Result "1/2-1/2"]
[WhiteElo "2320"]
[BlackElo "2374"]
[PlyCount "102"]
[EventDate "2013.01.12"]
[WhiteTeam "Spirit of Atticus"]
[BlackTeam "Oxford 1"]

1. e4 c5 2. Nc3 a6 3. g3 b5 4. Bg2 Bb7 5. d3 e6 6. f4 d5 7. e5 h5 8. Nf3 Nh6 9.
h3 Nf5 10. Ne2 d4 11. O-O Nd7 12. c4 dxc3 13. bxc3 Nb6 14. c4 bxc4 15. dxc4
Qxd1 16. Rxd1 Nxc4 17. Kf2 Be7 18. Nc3 Bc6 19. Rb1 O-O 20. Bf1 Na5 21. Ba3 Rfc8
22. Rb6 c4 23. Bxe7 Nxe7 24. Nd4 Bd5 25. Nc2 Nac6 26. Ne3 a5 27. a3 Rab8 28.
Rdb1 Rxb6 29. Rxb6 Nd4 30. g4 hxg4 31. hxg4 g6 32. Bh3 g5 33. fxg5 Kg7 34. Kg3
Ng6 35. Nf5+ exf5 36. gxf5 Nxf5+ 37. Bxf5 Be6 38. Bxe6 fxe6 39. Rb7+ Kf8 40.
Kf3 Rd8 41. Ne4 Rd3+ 42. Ke2 Nf4+ 43. Kf2 Rxa3 44. Rc7 Nd3+ 45. Ke2 Nxe5 46.
Nc5 Rg3 47. Nxe6+ Kg8 48. Rc5 Ng4 49. Rxc4 Re3+ 50. Kd2 Rxe6 51. Rxg4 Kg7
1/2-1/2

[Event "4NCL Division 2a"]
[Site "De Vere, Staverton Park ENG"]
[Date "2013.01.12"]
[Round "3.12"]
[White "Ambrus, Endre"]
[Black "Mitchell, Martin"]
[Result "1-0"]
[WhiteElo "2324"]
[BlackElo "2213"]
[PlyCount "57"]
[EventDate "2013.01.12"]
[WhiteTeam "Oxford 1"]
[BlackTeam "Spirit of Atticus"]

1. Nf3 Nf6 2. b3 d5 3. Bb2 g6 4. c4 Bg7 5. cxd5 Qxd5 6. Nc3 Qd8 7. d4 O-O 8. e3
c5 9. Be2 Nd5 10. Nxd5 Qxd5 11. O-O Nc6 12. Rc1 b6 13. Ba3 cxd4 14. Nxd4 Nxd4
15. exd4 Bb7 16. Bf3 Qd7 17. d5 Rfe8 18. Qd3 e5 19. Rfd1 f5 20. Be2 Rac8 21.
Qb5 Qxb5 22. Bxb5 Rxc1 23. Bxc1 Ra8 24. d6 Bf6 25. Bb2 Kg7 26. Rc1 Rc8 27. Rxc8
Bxc8 28. d7 Bb7 29. Bxe5 1-0

[Event "4NCL Division 2a"]
[Site "De Vere, Staverton Park ENG"]
[Date "2013.01.12"]
[Round "3.13"]
[White "Jackson, Sheila"]
[Black "Schmidt, Jan-Peter"]
[Result "0-1"]
[WhiteElo "2177"]
[BlackElo "2269"]
[PlyCount "136"]
[EventDate "2013.01.12"]
[WhiteTeam "Spirit of Atticus"]
[BlackTeam "Oxford 1"]

1. e4 d6 2. d4 Nf6 3. Nc3 g6 4. Nf3 Bg7 5. Be2 O-O 6. O-O Bg4 7. Be3 Nc6 8. Nd2
Bxe2 9. Qxe2 e5 10. d5 Nd4 11. Bxd4 exd4 12. Nb5 a6 13. Nxd4 Nxd5 14. exd5 Bxd4
15. c3 Re8 16. Qf3 Bg7 17. Rae1 Qh4 18. Re4 Rxe4 19. Qxe4 Qxe4 20. Nxe4 Re8 21.
f3 Re5 22. Rd1 f5 23. Ng3 b5 24. Kf1 Kf7 25. Rd3 Bh6 26. Kf2 Bc1 27. b3 Ba3 28.
f4 Bc5+ 29. Kf1 Re8 30. h4 h6 31. h5 Re3 32. hxg6+ Kxg6 33. Rxe3 Bxe3 34. Ne2
Kh5 35. g3 Kg4 36. Kg2 h5 37. a4 bxa4 38. bxa4 Bb6 39. c4 Be3 40. Nc3 h4 41.
gxh4 Bxf4 42. h5 Kxh5 43. Kf3 Kg5 44. Ne2 Be5 45. Nc1 Kf6 46. Nd3 Bc3 47. Kf4
Bd2+ 48. Kf3 Ke7 49. c5 dxc5 50. Nxc5 a5 51. Nb3 Bc3 52. Ke3 Kd6 53. Kd3 Bb4
54. Nd4 Ke5 55. Kc4 f4 56. Nf3+ Ke4 57. Ng5+ Ke3 58. Kb5 f3 59. Nh3 f2 60. Nxf2
Kxf2 61. Kc6 Bd6 62. Kb5 Ke3 63. Kxa5 Kd4 64. Kb5 Kxd5 65. a5 Bc5 66. Ka6 Bd4
67. Kb7 c5 68. a6 c4 0-1

[Event "4NCL Division 2a"]
[Site "De Vere, Staverton Park ENG"]
[Date "2013.01.12"]
[Round "3.14"]
[White "Rose, Matthew"]
[Black "Latham, David"]
[Result "1-0"]
[WhiteElo "2303"]
[BlackElo "2143"]
[PlyCount "85"]
[EventDate "2013.01.12"]
[WhiteTeam "Oxford 1"]
[BlackTeam "Spirit of Atticus"]

1. e4 c6 2. d4 d5 3. exd5 cxd5 4. c4 Nf6 5. Nc3 g6 6. cxd5 Bg7 7. Bc4 Nbd7 8.
Bg5 Nb6 9. Bxf6 Bxf6 10. Bb3 O-O 11. Nge2 a5 12. O-O a4 13. Nxa4 Nxa4 14. Bxa4
Qxd5 15. Bb3 Qd6 16. Qd2 Rd8 17. Rad1 b6 18. Nc3 Bg4 19. f3 Qxd4+ 20. Qxd4
Bxd4+ 21. Rxd4 Rxd4 22. fxg4 e6 23. h3 Kg7 24. Rf2 Rad8 25. Re2 Rd2 26. Kf2 e5
27. g5 R8d4 28. Ke1 Rxe2+ 29. Kxe2 Rd7 30. Nd5 Rb7 31. Ke3 h6 32. h4 hxg5 33.
hxg5 b5 34. Nf6 Rb8 35. a3 Rh8 36. Bd5 Rh1 37. Ne8+ Kf8 38. Nc7 Rh5 39. Nxb5
Rxg5 40. a4 Ke7 41. a5 e4 42. Nc3 Rxg2 43. a6 1-0

[Event "4NCL Division 2a"]
[Site "De Vere, Staverton Park ENG"]
[Date "2013.01.12"]
[Round "3.15"]
[White "Ackley, Peter JE"]
[Black "Smallbone, Kieran D"]
[Result "0-1"]
[WhiteElo "2029"]
[BlackElo "2211"]
[PlyCount "62"]
[EventDate "2013.01.12"]
[WhiteTeam "Spirit of Atticus"]
[BlackTeam "Oxford 1"]

1. Nf3 d5 2. g3 Nf6 3. Bg2 c6 4. O-O Bf5 5. d3 e6 6. Nbd2 h6 7. b3 Be7 8. Bb2
O-O 9. e3 a5 10. a4 Na6 11. Qe2 Nb4 12. e4 Bh7 13. e5 Nd7 14. Ne1 Nc5 15. d4
Nd7 16. c3 Na6 17. f4 Qb6 18. Nef3 c5 19. Kh1 cxd4 20. Nxd4 Nac5 21. Ba3 Bd3
22. Qh5 Bxf1 23. Bxf1 Rfd8 24. Bb5 Bf8 25. g4 Rac8 26. f5 exf5 27. gxf5 Nxe5
28. f6 Qxf6 29. Rf1 Qg5 30. Qxg5 hxg5 31. Rf5 f6 0-1

[Event "4NCL Division 2a"]
[Site "De Vere, Staverton Park ENG"]
[Date "2013.01.12"]
[Round "3.16"]
[White "Dickinson, Tim R"]
[Black "Connor, Stephen J"]
[Result "1-0"]
[WhiteElo "2134"]
[BlackElo "2065"]
[PlyCount "41"]
[EventDate "2013.01.12"]
[WhiteTeam "Oxford 1"]
[BlackTeam "Spirit of Atticus"]

1. e4 c5 2. c3 d5 3. exd5 Qxd5 4. Nf3 Nc6 5. d4 cxd4 6. cxd4 e6 7. Nc3 Qd8 8.
Bd3 Nf6 9. O-O Be7 10. Be3 O-O 11. Rc1 Qa5 12. a3 a6 13. Bb1 Qh5 14. Ne5 Qxd1
15. Rfxd1 Nxe5 16. dxe5 Nd7 17. Na4 Nxe5 18. Nb6 Rb8 19. Bf4 f6 20. Rc3 Kf7 21.
Rdc1 1-0